<?xml version="1.0" encoding="UTF-8"?>
<record
    xmlns:xsi="http://www.w3.org/2001/XMLSchema-instance"
    xsi:schemaLocation="http://www.loc.gov/MARC21/slim http://www.loc.gov/standards/marcxml/schema/MARC21slim.xsd"
    xmlns="http://www.loc.gov/MARC21/slim">

  <leader>00763nam a22001937a 4500</leader>
  <datafield tag="999" ind1=" " ind2=" ">
    <subfield code="c">4396</subfield>
    <subfield code="d">4396</subfield>
  </datafield>
  <controlfield tag="003">DO-SdBJH</controlfield>
  <controlfield tag="005">20180723125516.0</controlfield>
  <controlfield tag="008">180723b           ||||| |||| 00| 0 spa d</controlfield>
  <datafield tag="020" ind1=" " ind2=" ">
    <subfield code="a">9993430579</subfield>
  </datafield>
  <datafield tag="040" ind1=" " ind2=" ">
    <subfield code="a">DO-SdBJH</subfield>
    <subfield code="b">spa</subfield>
    <subfield code="c">DO-SdBJH</subfield>
  </datafield>
  <datafield tag="082" ind1=" " ind2=" ">
    <subfield code="a">RD 864.5</subfield>
    <subfield code="b">R457s</subfield>
  </datafield>
  <datafield tag="100" ind1=" " ind2=" ">
    <subfield code="a">Reyes S&#xE1;nchez, Miguel,</subfield>
    <subfield code="d">1966-, </subfield>
  </datafield>
  <datafield tag="245" ind1=" " ind2=" ">
    <subfield code="a">Sombreros para un viajero </subfield>
    <subfield code="b">antolog&#xED;a de ensayos sobre cultura y literatura /</subfield>
    <subfield code="c">Miguel Reyes S&#xE1;nchez.</subfield>
  </datafield>
  <datafield tag="260" ind1=" " ind2=" ">
    <subfield code="a">Santo Domingo :</subfield>
    <subfield code="b">Banco Central de la Rep&#xFA;blica Dominicana,</subfield>
    <subfield code="c">2004.</subfield>
  </datafield>
  <datafield tag="300" ind1=" " ind2=" ">
    <subfield code="a">484 p.</subfield>
  </datafield>
  <datafield tag="490" ind1=" " ind2=" ">
    <subfield code="a">Colecci&#xF3;n Banco Central de la Rep&#xFA;blica Dominicana ;</subfield>
    <subfield code="v">v. 63. Serie arte y literatura ; </subfield>
    <subfield code="x">no. 24</subfield>
  </datafield>
  <datafield tag="650" ind1=" " ind2=" ">
    <subfield code="2">Literatura</subfield>
    <subfield code="a"> Ensayos, conferencias, etc.</subfield>
    <subfield code="v">aCultura - Ensayos, Conferencias, etc</subfield>
  </datafield>
  <datafield tag="942" ind1=" " ind2=" ">
    <subfield code="2">ddc</subfield>
    <subfield code="c">BK</subfield>
  </datafield>
  <datafield tag="952" ind1=" " ind2=" ">
    <subfield code="0">0</subfield>
    <subfield code="1">0</subfield>
    <subfield code="2">ddc</subfield>
    <subfield code="4">0</subfield>
    <subfield code="7">0</subfield>
    <subfield code="8">RD</subfield>
    <subfield code="a">BANCWL</subfield>
    <subfield code="b">BANCWL</subfield>
    <subfield code="c">GEN</subfield>
    <subfield code="d">2018-07-23</subfield>
    <subfield code="i">AARD.00105</subfield>
    <subfield code="l">0</subfield>
    <subfield code="o">RD 864.5 R457s</subfield>
    <subfield code="p">110401s2004 000 0 d</subfield>
    <subfield code="r">2018-07-23 00:00:00</subfield>
    <subfield code="t">EJ.1</subfield>
    <subfield code="w">2018-07-23</subfield>
    <subfield code="y">BK</subfield>
  </datafield>
</record>
